000 00701nam a2200241 a 4500
003 AR-BaBNM
005 20251128202853.0
008 082120s2002 ||||||||||||||000 | spa||
040 _cAR-BaBNM
100 1 _aSolari Yrigoyen, Hipólito
245 0 0 _aAsí son las Malvinas
260 _aBuenos Aires
_bHachette
_c1959
300 _a189 p.
_bmapas, il., láms., tablas
500 _aContiene apéndice para consultar p. 167-184
650 4 _aGEOGRAFIA FISICA
650 4 _aOCUPACION DE MALVINAS 1833
650 4 _aHISTORIA DE LAS COSTUMBRES
651 4 _aIslas Malvinas
700 1 _aGalup, Salvador
_eilustrador
700 1 _aContreras, Nicanor
_eilustrador
942 _cBK
998 _cmariana
999 _c972
_d972